[Event "Try me we're on the battle"]
[Site "http://www.queenalice.com/game.php?id=673283"]
[Date "2009.10.27"]
[Round "-"]
[White "CariocadaGema"]
[Black "danbots5k"]
[Result "0-1"]
[WhiteElo "2223"]
[BlackElo "2087"]

1. e4 Nc6 2. d4 d5 3. Nc3 dxe4 4. d5 Ne5 5. Qd4 Ng6 6. Qxe4 Nf6 7. Qa4+ Bd7 8.
Bb5 a6 9. Bxd7+ Qxd7 10. Qxd7+ Nxd7 11. Nf3 Nge5 12. Nxe5 Nxe5 13. Bf4 Nc4 14.
O-O-O O-O-O 15. Rhe1 Nd6 16. Ne4 h6 17. Rd3 g5 18. Be5 Rg8 19. Nxd6+ cxd6 20.
Bd4 Kd7 21. Bb6 Rc8 22. Rf3 Rg7 23. Bd4 Rh7 24. Rfe3 Re8 25. Rb3 b5 26. a4 Rb8
27. axb5 Rxb5 28. Rxb5 axb5 29. Re3 e5 30. Bb6 f5 31. Rb3 Kc8 32. Rxb5 Rb7 33.
Rb3 Kd7 34. Kb1 Bg7 35. Ra3 e4 36. Ra6 h5 37. c4 Be5 38. b4 Bxh2 39. c5 dxc5 40.
bxc5 Kc8 41. c6 Rb8 42. Kc2 Be5 43. Ba5 Rb2+ 44. Kc1 Rb5 45. Ra8+ Rb8 46. Rxb8+
Bxb8 47. Bb4 Bf4+ 48. Kb2 Kc7 49. Be7 g4 50. Kc3 g3 51. fxg3 Bxg3 52. Kd4 Bd6
53. Bh4 Kc8 54. Be1 Kc7 55. Ba5+ Kc8 56. Bd2 Kc7 57. Bh6 Kb6 58. Bg5 Kc7 59. Ke3
Be5 60. Be7 Kb6 61. Bd8+ Ka7 62. Ba5 Ka6 63. Bb4 Kb6 64. Bf8 Kc7 65. Bc5 Bh2 66.
Bb4 Kb6 67. Kd4 Bg3 68. Be7 Kc7 69. Kc5 Bf2+ 70. Kb5 Bg3 71. d6+ Bxd6 72. Bxd6+
Kxd6 73. Kb6 Ke5 74. c7 Kf4 75. c8=Q h4 76. Qc1+ Kg4 77. Qh6 Kg3 78. Qg5+ Kf2
0-1

[Event "AUTO-INT-1377"]
[Site "http://www.queenalice.com/game.php?id=679890"]
[Date "2009.11.8"]
[Round "2"]
[White "CariocadaGema"]
[Black "toninhnodaprata"]
[Result "1-0"]
[WhiteElo "2233"]
[BlackElo "1723"]

1. e4 e5 2. Nf3 Nc6 3. Bb5 d6 4. d4 Bd7 5. d5 Nce7 6. Bxd7+ Qxd7 7. O-O Nf6 8.
Qe2 c6 9. c4 Ng6 10. Nc3 Be7 11. Bg5 Nf4 12. Bxf4 exf4 13. e5 dxe5 14. Nxe5 Qd6
15. Rfd1 O-O-O 16. Nxf7 Qc7 17. Nxh8 Rxh8 18. d6 Bxd6 19. Qe6+ Kb8 20. Qxd6 Qxd6
21. Rxd6 f3 22. gxf3 Kc7 23. Rad1 Re8 24. Ne4 Nxe4 25. fxe4 Rxe4 26. Rd7+ Kb6
27. Rxg7 Rxc4 28. Rxh7 Rb4 29. Rdd7 Ka6 30. b3 1-0

[Event "AUTO-INT-1377"]
[Site "http://www.queenalice.com/game.php?id=679891"]
[Date "2009.11.8"]
[Round "2"]
[White "toninhnodaprata"]
[Black "CariocadaGema"]
[Result "0-1"]
[WhiteElo "1821"]
[BlackElo "2213"]

1. e4 c5 2. Nf3 d6 3. d4 cxd4 4. Nxd4 Bd7 5. Nc3 Nc6 6. Bc4 e6 7. O-O Be7 8.
Nxc6 Bxc6 9. Qg4 Nf6 10. Qg3 Qb6 11. Bd3 O-O 12. b3 Nd7 13. Bb2 Ne5 14. Ne2 Bf6
15. Bd4 Qd8 16. Qh3 Nxd3 17. Qxd3 Bxd4 18. Qxd4 e5 19. Qb4 a5 20. Qd2 Bxe4 0-1

[Event "AUTO-INT-1377"]
[Site "http://www.queenalice.com/game.php?id=679892"]
[Date "2009.11.8"]
[Round "2"]
[White "CariocadaGema"]
[Black "deltaboy"]
[Result "1-0"]
[WhiteElo "2214"]
[BlackElo "2336"]

1. e4 Nf6 2. e5 Nd5 3. d4 d6 4. Nf3 Nb6 5. Be2 d5 6. Nc3 Bg4 7. a4 a5 8. h3 Bh5
9. e6 Bxf3 10. exf7+ Kxf7 11. Bxf3 e6 12. Bh5+ g6 13. Bg4 h5 14. Bf3 Bd6 15. O-O
c6 16. b3 e5 17. Be3 e4 18. Be2 Kg7 19. f3 exf3 20. Rxf3 N8d7 21. Qd2 Nf6 22.
Raf1 Nbd7 23. Bg5 Be7 24. Bd3 Qe8 25. Re1 Qf7 26. Bxg6 Kxg6 27. Rg3 Ng4 28. Rxe7
Qf5 29. Rf3 1-0

[Event "AUTO-INT-1377"]
[Site "http://www.queenalice.com/game.php?id=679893"]
[Date "2009.11.8"]
[Round "2"]
[White "deltaboy"]
[Black "CariocadaGema"]
[Result "1/2-1/2"]
[WhiteElo "2266"]
[BlackElo "2236"]

1. e4 c5 2. Nf3 d6 3. d4 cxd4 4. Nxd4 Bd7 5. Be2 Nc6 6. O-O Nf6 7. Nc3 e5 8. Nf3
Be7 9. Bg5 O-O 10. Bxf6 Bxf6 11. Qxd6 Be6 12. Qxd8 Raxd8 13. a3 a6 14. Bd3 Nd4
15. Ne2 Nxf3+ 16. gxf3 Bg5 17. Kg2 Rd6 18. Rh1 Rfd8 19. h4 Bh6 20. Kg3 Bd7 21.
h5 g6 22. Kg2 Kg7 23. Rh2 Bg5 24. Rah1 h6 25. hxg6 fxg6 26. Nc3 Bf4 27. Rh4 Be6
28. Nd5 Bg5 29. R4h2 Bxd5 30. exd5 Rxd5 31. Re1 R8d6 32. Rhh1 b5 33. Re4 h5 34.
Rhe1 Bd2 35. Rd1 Bf4 36. a4 Kh6 37. Ra1 Rb6 38. axb5 axb5 39. Ra5 Bd2 40. Ra7
Kg5 41. Re2 Bc1 42. b3 Bf4 43. Re1 b4 44. Rh7 Rbd6 45. Rd1 Rd7 46. Rh8 Rd8 47.
Rxd8 Rxd8 48. Ra1 Rd6 49. Ra7 Bd2 50. Rc7 Rb6 51. Rc5 Bc3 52. Kg3 Rf6 53. Be4
Bd4 54. Rb5 Rb6 55. f4+ Kh6 56. Rxb6 exf4+ 57. Kxf4 Bxb6 58. Kf3 g5 59. Bc6 g4+
60. Kg3 Kg5 61. f4+ gxf3 62. Kxf3 h4 63. Bd7 Bd4 64. Ke4 Bc3 65. Bh3 Ba1 1/2-1/2

[Event "AUTO-OPEN-1621"]
[Site "http://www.queenalice.com/game.php?id=684932"]
[Date "2009.11.17"]
[Round "2"]
[White "CariocadaGema"]
[Black "cunha"]
[Result "0-1"]
[WhiteElo "2207"]
[BlackElo "2704"]

1. e4 c5 2. Nf3 e6 3. d4 cxd4 4. Nxd4 Nc6 5. Nxc6 bxc6 6. Bd3 Nf6 7. Nc3 Qc7 8.
O-O Bd6 9. f4 e5 10. Qf3 Rb8 11. Kh1 O-O 12. Rb1 exf4 13. Bxf4 Be5 14. Bxe5 Qxe5
15. Qf2 Ng4 16. Qg1 Qc7 17. Be2 Ne5 18. b3 d6 19. Rbd1 Re8 20. Qd4 Re6 21. Kg1
Bd7 22. Rf4 Rd8 23. Rf2 Rg6 24. a3 Be6 25. Qe3 f6 26. Rff1 Rg5 27. Rd4 Nf7 28.
Na4 Re8 29. Nc3 Qb6 30. Rfd1 Ra5 31. Na4 Qb7 32. Bf3 Qc7 33. Qc3 c5 34. Bh5 g6
35. Be2 Re7 36. R4d2 c4 37. Qxf6 cxb3 38. Nc3 b2 39. Kh1 Re8 40. Bb5 Rb8 41. a4
Qc8 42. Rb1 a6 43. Bf1 Re5 44. Nd1 Qc7 45. Rf2 Ng5 46. Bd3 Nxe4 47. Bxe4 Rxe4
48. Rf1 Qf7 49. Qxf7+ Bxf7 50. Rxb2 Rxb2 51. Nxb2 Rb4 52. Nd3 Rxa4 53. g3 a5 54.
Kg1 Ra2 55. Rc1 Bc4 56. Nf2 a4 57. Nd1 a3 58. Kf2 Bb3 59. Ne3 Rb2 60. Kf3 Be6
61. Nd1 Rb6 62. Nc3 Rc6 63. Ne2 a2 64. Ra1 Rxc2 65. Ke3 Bc4 66. Nc1 Rxh2 0-1

[Event "AUTO-OPEN-1621"]
[Site "http://www.queenalice.com/game.php?id=684933"]
[Date "2009.11.17"]
[Round "2"]
[White "cunha"]
[Black "CariocadaGema"]
[Result "1-0"]
[WhiteElo "2672"]
[BlackElo "2237"]

1. e4 c5 2. Nf3 d6 3. d4 cxd4 4. Nxd4 Bd7 5. Bc4 Nc6 6. O-O Nf6 7. Nc3 g6 8.
Nxc6 Bxc6 9. Nd5 Bg7 10. Bg5 Bxd5 11. exd5 O-O 12. c3 Qc8 13. Qd3 Ng4 14. Bb3
Bf6 15. Bxf6 Nxf6 16. Rfe1 Qd7 17. a4 Ng4 18. Qe2 Rfe8 19. h3 Ne5 20. a5 Qf5 21.
Ba4 Rec8 22. Bc2 Qf6 23. Ra4 g5 24. Qh5 h6 25. h4 Kf8 26. hxg5 hxg5 27. f4 gxf4
28. Rxf4 Qg7 29. Rxe5 dxe5 30. Rg4 Qf6 31. Qh7 Ke8 32. Ba4+ Kd8 33. Qg8+ Kc7 34.
Rc4+ Kd6 35. Rxc8 Rxc8 36. Qxc8 Qg5 37. Qd7+ Kc5 38. Qc7+ Kxd5 39. Bb3+ Ke4 40.
Qc4+ Kf5 41. Qxf7+ Qf6 42. Qh5+ Ke4 43. Bc4 Kf4 44. Qf3+ Kg5 45. Qxb7 Qf4 46.
Qxe7+ Kh6 47. Qd6+ Kg5 48. Qc5 Qc1+ 49. Bf1 Qxb2 50. Qxa7 Qxc3 51. Qb6 Kf5 52.
a6 Qa3 53. a7 Qa1 54. g3 Qa3 55. Bg2 Qa1+ 56. Kh2 e4 57. Qb8 Ke6 58. a8=Q Qxa8
59. Qxa8 e3 60. Qe4+ Kf6 61. Qxe3 Kf7 62. Bd5+ 1-0

[Event "Challenge"]
[Site "http://www.queenalice.com/game.php?id=695592"]
[Date "2009.12.9"]
[Round "-"]
[White "CariocadaGema"]
[Black "MarcD"]
[Result "1-0"]
[WhiteElo "2206"]
[BlackElo "2183"]

1. e4 c5 2. Nf3 Nc6 3. d4 cxd4 4. Nxd4 d6 5. Nxc6 bxc6 6. Nc3 Qc7 7. Bc4 Nf6 8.
O-O g6 9. Be3 Bg7 10. f3 O-O 11. Qd2 a5 12. Rad1 Ba6 13. Bxa6 Rxa6 14. b3 Raa8
15. Rfe1 Rfd8 16. Kh1 Nd7 17. Bh6 Nb6 18. Bxg7 Kxg7 19. Qg5 f6 20. Qe3 Nd7 21.
f4 Qa7 22. Qf3 Rac8 23. Rd2 Qc7 24. f5 Ne5 25. Qh3 Qb6 26. Ne2 g5 27. Nd4 Rg8
28. Ne6+ Kh8 29. a3 c5 30. Rde2 c4 31. Re3 g4 32. Qh4 cxb3 33. Rxb3 Qa7 34. Ree3
Rxc2 35. Qxh7+ 1-0

[Event "Challenge"]
[Site "http://www.queenalice.com/game.php?id=695593"]
[Date "2009.12.9"]
[Round "-"]
[White "MarcD"]
[Black "CariocadaGema"]
[Result "0-1"]
[WhiteElo "2154"]
[BlackElo "2251"]

1. d4 Nf6 2. Nf3 e6 3. Bf4 c6 4. e3 Nh5 5. Bg3 Nxg3 6. hxg3 d5 7. Bd3 Nd7 8.
Nbd2 Nf6 9. c3 Be7 10. Qc2 Bd7 11. e4 dxe4 12. Nxe4 Nxe4 13. Bxe4 Bd6 14. O-O-O
Qa5 15. Kb1 h6 16. Rhe1 O-O-O 17. Bd3 f6 18. Re2 Kb8 19. Rde1 c5 20. Bc4 cxd4
21. Nxd4 e5 22. Nf3 Bc6 23. Bd3 Bd5 24. b3 Rc8 25. c4 Qb6 26. Qb2 Be6 27. Nh4
Bb4 28. Rc1 g5 29. Nf5 Rhd8 30. Be4 Qa5 31. Rh1 Bc3 32. Qc2 Bxc4 33. Re3 Ba6 34.
Ne7 Rc5 35. Rd1 Bb4 36. Rxd8+ Qxd8 0-1

[Event "AUTO-MASTER-932"]
[Site "http://www.queenalice.com/game.php?id=735390"]
[Date "2010.2.21"]
[Round "2"]
[White "CariocadaGema"]
[Black "thewhitebishop"]
[Result "0-1"]
[WhiteElo "2243"]
[BlackElo "1978"]

1. e4 Nf6 2. e5 Nd5 3. d4 d6 4. Nf3 dxe5 5. Nxe5 Bf5 6. g4 Be4 7. f3 Bg6 8. h4
f6 9. Nxg6 hxg6 10. c4 Nb6 11. c5 Nd5 12. Bd3 Kf7 13. Qc2 g5 14. Bg6+ Kg8 15.
Bf5 Rh6 16. Qb3 Nc6 17. Be6+ Kh8 18. Qxd5 Nxd4 19. Qe4 c6 20. h5 Qa5+ 21. Nc3
Qxc5 22. Be3 Nc2+ 23. Qxc2 Qxe3+ 24. Qe2 Qf4 25. Rd1 a5 26. Rd2 a4 27. Kd1 Qe5
28. Qxe5 fxe5 29. Bf5 e6 30. Be4 Bb4 31. Rd7 Kg8 32. Rxb7 Rd8+ 33. Kc2 c5 0-1

[Event "AUTO-MASTER-932"]
[Site "http://www.queenalice.com/game.php?id=735391"]
[Date "2010.2.21"]
[Round "2"]
[White "thewhitebishop"]
[Black "CariocadaGema"]
[Result "0-1"]
[WhiteElo "2064"]
[BlackElo "2236"]

1. d4 Nf6 2. c4 e6 3. Nc3 c6 4. e4 d5 5. e5 Ne4 6. Nxe4 dxe4 7. a3 Na6 8. Be3 f5
9. exf6 Qxf6 10. Nh3 e5 11. Qh5+ g6 12. dxe5 Qd8 13. Qg5 Bxh3 14. gxh3 Bg7 15.
Qf4 Qa5+ 16. Bd2 Qxe5 17. Rb1 Nc5 18. Qxe5+ Bxe5 19. Bb4 Nd3+ 20. Bxd3 exd3 21.
Kd2 O-O-O 22. Bc3 Bf4+ 23. Kd1 Rhf8 24. b4 Bh6 25. Rb2 Rf4 26. c5 Rdf8 27. Bd2
Rxf2 28. Re1 R8f3 29. Kc1 Re2 30. Kd1 Rxh2 31. h4 Rff2 32. Bxh6 Rxb2 0-1

[Event "AUTO-MASTER-932"]
[Site "http://www.queenalice.com/game.php?id=735392"]
[Date "2010.2.21"]
[Round "2"]
[White "CariocadaGema"]
[Black "Bf7"]
[Result "1-0"]
[WhiteElo "2267"]
[BlackElo "2087"]

1. e4 d5 2. exd5 Qxd5 3. Nc3 Qd6 4. d4 Nf6 5. Nf3 c6 6. h3 Bf5 7. Bd3 Bxd3 8.
Qxd3 Nbd7 9. O-O e6 10. Ne4 Nxe4 11. Qxe4 Be7 12. Bf4 Nf6 13. Bxd6 Nxe4 14. Bxe7
Kxe7 15. Rfe1 Nd6 16. Re2 a5 17. Rae1 a4 18. c3 Rhd8 19. g3 Ra5 20. Ne5 Rd5 21.
Nd3 h5 22. Nc5 1-0

[Event "AUTO-MASTER-932"]
[Site "http://www.queenalice.com/game.php?id=735393"]
[Date "2010.2.21"]
[Round "2"]
[White "Bf7"]
[Black "CariocadaGema"]
[Result "0-1"]
[WhiteElo "2096"]
[BlackElo "2260"]

1. d4 Nf6 2. c4 e6 3. g3 c6 4. Bg2 d5 5. Nf3 Nbd7 6. Qc2 dxc4 7. Qxc4 Bd6 8. O-O
O-O 9. Nc3 e5 10. Bg5 Qa5 11. Qd3 Re8 12. dxe5 Nxe5 13. Qxd6 Nxf3+ 14. exf3 Qxg5
15. Rfe1 Be6 16. Qb4 Rab8 17. Rad1 Qh6 18. f4 Ng4 19. h4 Qh5 20. Rd6 a6 21. a4
Nf6 0-1

[Event "AUTO-OPEN-1714"]
[Site "http://www.queenalice.com/game.php?id=744886"]
[Date "2010.3.12"]
[Round "2"]
[White "Hortelino"]
[Black "CariocadaGema"]
[Result "0-1"]
[WhiteElo "2152"]
[BlackElo "2234"]

1. d4 Nf6 2. c4 e6 3. Nc3 c6 4. e4 d5 5. e5 Ne4 6. Bd3 Nxc3 7. bxc3 dxc4 8. Bxc4
b5 9. Bd3 b4 10. Nf3 bxc3 11. O-O Ba6 12. Be3 Bxd3 13. Qxd3 Bb4 14. Ng5 Nd7 15.
f4 h6 16. Nxe6 fxe6 17. Qg6+ Kf8 18. f5 Kg8 19. f6 Rh7 20. Bxh6 Nf8 21. Qg4 g6
22. f7+ Kh8 23. Bxf8 Bxf8 24. Rf4 Bh6 25. Rf3 c2 26. f8=Q+ Bxf8 27. Rc1 Bc5 28.
Qxe6 Bxd4+ 29. Kh1 Bb2 0-1

[Event "AUTO-OPEN-1714"]
[Site "http://www.queenalice.com/game.php?id=744887"]
[Date "2010.3.12"]
[Round "2"]
[White "CariocadaGema"]
[Black "Hortelino"]
[Result "1-0"]
[WhiteElo "2224"]
[BlackElo "2160"]

1. e4 c5 2. Nf3 Nc6 3. d4 cxd4 4. Nxd4 g6 5. Nxc6 bxc6 6. Qd4 Nf6 7. e5 Nd5 8.
Nc3 Qb6 9. Qxb6 Nxb6 10. Bf4 Bg7 11. O-O-O O-O 12. a4 a5 13. Bd3 Ba6 14. g3 Bxd3
15. Rxd3 Nc4 16. Rxd7 Nxe5 17. Rxe7 Rfe8 18. Rc7 Rac8 19. Rxc8 Rxc8 20. Ne4 Rd8
21. Rd1 Rxd1+ 22. Kxd1 f5 23. Nc5 Nf3 24. Nb7 Bxb2 25. Nxa5 c5 26. Nc4 Bc3 27.
a5 g5 28. a6 1-0

[Event "AUTO-OPEN-1714"]
[Site "http://www.queenalice.com/game.php?id=744890"]
[Date "2010.3.12"]
[Round "2"]
[White "paulogaspar"]
[Black "CariocadaGema"]
[Result "0-1"]
[WhiteElo "2092"]
[BlackElo "2244"]

1. d4 Nf6 2. c4 e6 3. Nc3 c6 4. e4 d5 5. Bg5 dxe4 6. c5 Be7 7. Qc2 Qxd4 8. Be3
Qe5 9. O-O-O Bxc5 10. Bxc5 Qxc5 11. Nh3 O-O 12. g3 e3 13. f4 e5 14. fxe5 Qxe5
15. Nf4 Nbd7 16. Bd3 Nc5 17. Rhe1 Bg4 18. Be2 Bf5 19. Bd3 Nxd3+ 20. Nxd3 Qe7 21.
Ne2 Ne4 22. Qb3 Nf2 23. Nxf2 exf2 24. Rf1 Qxe2 0-1

[Event "AUTO-OPEN-1714"]
[Site "http://www.queenalice.com/game.php?id=744891"]
[Date "2010.3.12"]
[Round "2"]
[White "CariocadaGema"]
[Black "paulogaspar"]
[Result "1-0"]
[WhiteElo "2217"]
[BlackElo "2066"]

1. e4 e6 2. d4 Nf6 3. Bg5 Be7 4. Nd2 Nc6 5. e5 Nd5 6. Bxe7 Qxe7 7. Ngf3 Qb4 8.
c4 Nde7 9. Qc1 Nf5 10. a3 Qe7 11. Qc3 b6 12. d5 Nd8 13. Bd3 O-O 14. Qc2 g6 15.
Ne4 exd5 16. Nf6+ Kg7 17. Nxd5 Qc5 18. Bxf5 gxf5 19. Qxf5 Qxc4 20. Qf6+ 1-0

[Event "AUTO-OPEN-1714"]
[Site "http://www.queenalice.com/game.php?id=790444"]
[Date "2010.6.15"]
[Round "3"]
[White "CariocadaGema"]
[Black "vindaloo"]
[Result "1-0"]
[WhiteElo "2274"]
[BlackElo "1841"]

1. e4 c5 2. Nf3 d6 3. d4 cxd4 4. Nxd4 Nc6 5. Nxc6 bxc6 6. Nc3 e5 7. Bd3 Nf6 8.
O-O Be7 9. Be3 O-O 10. Bc4 Bb7 11. Qf3 Qa5 12. a3 d5 13. exd5 cxd5 14. Rfd1 Rfd8
15. b4 Qc7 16. Bxd5 Nxd5 17. Nxd5 Bxd5 18. Rxd5 Qxc2 19. Rc1 Qb2 20. Ra5 Bf6 21.
h3 Rd3 22. Qxa8+ Bd8 23. Rd5 1-0

[Event "AUTO-OPEN-1714"]
[Site "http://www.queenalice.com/game.php?id=790445"]
[Date "2010.6.15"]
[Round "3"]
[White "vindaloo"]
[Black "CariocadaGema"]
[Result "0-1"]
[WhiteElo "1900"]
[BlackElo "2275"]

1. e4 c5 2. Nc3 d6 3. Nge2 Bd7 4. g3 Nc6 5. Bg2 Nf6 6. d4 e5 7. dxc5 dxc5 8. O-O
Be7 9. Be3 O-O 10. Nd5 Nxd5 11. exd5 Nd4 12. c4 Bg4 13. f3 Bh5 14. b4 Bg6 15. b5
Nc2 16. Bf2 Nxa1 17. Qxa1 Bd3 18. Re1 Bxc4 19. Nc3 Qa5 20. a4 Qc7 21. Qb2 f5 22.
Qc2 Rad8 23. f4 Bf6 24. Qxf5 exf4 25. Qe6+ Qf7 26. Qe4 Bxc3 27. Qxc4 Bxe1 28.
Bxe1 f3 29. Bf1 f2+ 0-1

[Event "AUTO-ELITE-668"]
[Site "http://www.queenalice.com/game.php?id=864026"]
[Date "2010.11.26"]
[Round "1"]
[White "BEBADO"]
[Black "CariocadaGema"]
[Result "0-1"]
[WhiteElo "2181"]
[BlackElo "2285"]

1. e4 c5 2. Nf3 d6 3. d4 cxd4 4. Nxd4 Bd7 5. c4 Nc6 6. Nc3 Nxd4 7. Qxd4 e5 8.
Qd2 Nf6 9. Be2 Be7 10. O-O O-O 11. b3 a6 12. Bb2 b5 13. Qe3 b4 14. Nd5 Nxd5 15.
cxd5 Bg5 16. Qd3 f5 17. exf5 Bxf5 18. Qd1 a5 19. Bg4 Bxg4 20. Qxg4 Rc8 21. Rfe1
Rc2 22. Re2 Qc8 23. Qxc8 Rfxc8 24. Rb1 Rxe2 0-1

[Event "AUTO-ELITE-668"]
[Site "http://www.queenalice.com/game.php?id=864027"]
[Date "2010.11.26"]
[Round "1"]
[White "CariocadaGema"]
[Black "BEBADO"]
[Result "1-0"]
[WhiteElo "2276"]
[BlackElo "2167"]

1. e4 e6 2. d4 d5 3. e5 c5 4. c3 Nc6 5. Nf3 Bd7 6. Be2 Qb6 7. O-O Rc8 8. dxc5
Bxc5 9. b4 Bf8 10. Bd3 Nge7 11. a4 Ng6 12. Re1 a5 13. b5 Nb8 14. Ng5 Be7 15. Qh5
Qc7 16. Nxh7 Nf8 17. Nf6+ Bxf6 18. Qxh8 Bxe5 19. Rxe5 Qxe5 20. Ba3 1-0

[Event "AUTO-ELITE-668"]
[Site "http://www.queenalice.com/game.php?id=864030"]
[Date "2010.11.26"]
[Round "1"]
[White "lupengui"]
[Black "CariocadaGema"]
[Result "1-0"]
[WhiteElo "2610"]
[BlackElo "2294"]

1. e4 c5 2. Nf3 d6 3. d4 cxd4 4. Nxd4 Bd7 5. Nc3 Nc6 6. Be3 Nf6 7. Be2 e5 8.
Ndb5 Qb8 9. Nd5 Nxd5 10. Qxd5 Be7 11. Qd2 a6 12. Nc3 O-O 13. O-O f5 14. exf5
Bxf5 15. Nd5 Bd8 16. c4 Kh8 17. Rac1 b6 18. f4 Rf7 19. Bd3 e4 20. Be2 Qb7 21. g4
Bd7 22. Qc2 Bh4 23. Nxb6 Raf8 24. Rcd1 Bd8 25. c5 Nb4 26. Qd2 Bxb6 27. cxb6 Nd3
28. b3 Bc6 29. f5 Qe7 30. Bd4 Qh4 31. Qe3 Kg8 32. Qg3 Qg5 33. Qxd6 Rd7 34. Qxc6
Rxd4 35. Kg2 Nf4+ 36. Kh1 Nxe2 37. Rxd4 Nxd4 38. Qc4+ Kh8 39. Qxd4 e3 40. Re1
Re8 41. Re2 h5 42. h3 hxg4 43. hxg4 Qh6+ 44. Kg2 Kh7 45. Kg3 Qh1 46. b7 Qg1+ 47.
Rg2 Qe1+ 48. Kh3 Rh8 49. Qc4 e2 50. Rxe2 Qf1+ 51. Kg3 Qg1+ 52. Kf4 Rb8 53. Kg5
Rf8 54. Qf4 Kg8 55. b8=Q Rxb8 56. Qxb8+ 1-0

[Event "AUTO-ELITE-668"]
[Site "http://www.queenalice.com/game.php?id=864031"]
[Date "2010.11.26"]
[Round "1"]
[White "CariocadaGema"]
[Black "lupengui"]
[Result "0-1"]
[WhiteElo "2291"]
[BlackElo "2609"]

1. e4 c5 2. Nf3 Nc6 3. d4 cxd4 4. Nxd4 e5 5. Nxc6 bxc6 6. Bc4 Nf6 7. Nc3 Bb4 8.
Bg5 h6 9. Bh4 g5 10. Bg3 Nxe4 11. Bxe5 Qe7 12. Qd4 f6 13. Qxe4 Qxe5 14. O-O-O
Qxe4 15. Nxe4 d5 16. Nxf6+ Ke7 17. Nxd5+ cxd5 18. Rxd5 Rd8 19. c3 Bd6 20. g3 Be6
21. Rd4 Bf4+ 22. gxf4 Rxd4 23. Bxe6 Rxf4 24. Re1 Kf6 25. Bb3 Rxf2 26. h3 h5 27.
Re6+ Kf5 28. Ra6 Rh2 29. Bf7 Rh8 30. b4 g4 31. Be6+ Kf4 32. hxg4 hxg4 33. Rxa7
g3 34. Bd5 g2 35. Rg7 Rh1+ 36. Kb2 g1=Q 37. Rxg1 Rxg1 38. a4 Rh2+ 39. Kb3 Ke5
40. Kc4 Rg3 41. Bb7 Rh4+ 42. Kb5 Rxc3 43. Ka5 Rcc4 44. Ka6 Rxb4 45. Bc6 Rxa4+
46. Bxa4 Rxa4+ 47. Kb5 Rd4 48. Kc5 Rf4 49. Kc6 Re4 50. Kc5 Ke6 51. Kc6 Re5 52.
Kc7 Rc5+ 53. Kb6 Kd6 54. Kb7 Rb5+ 55. Ka6 Kc6 56. Ka7 Rb3 57. Ka8 Kc7 0-1